[Event "zonal 1.2a"]
[Site "Ptuj SLO"]
[Date "1995.04.10"]
[Round "5"]
[White "Mohr, Georg"]
[Black "Lobron, Eric"]
[Result "0-1"]
[WhiteElo "2430"]
[BlackElo "2575"]
[EventDate "1995.04.05"]
[PlyCount "104"]

1.e4 c5 2.Nf3 e6 3.d4 cxd4 4.Nxd4 Nf6 5.Nc3 Nc6 6.Ndb5 d6 7.Bf4 e5 8.Bg5 
a6 9.Na3 b5 10.Nd5 Be7 11.Bxf6 Bxf6 12.c4 b4 13.Nc2 Rb8 14.Be2 O-O 15.b3 
Bg5 16.O-O Be6 17.a3 bxa3 18.Rxa3 a5 19.Bg4 Rb7 20.Nc3 Nb4 21.Bf3 Qc7 22.
Qe2 Nxc2 23.Qxc2 Rfb8 24.Rfa1 Bd8 25.Qd1 Qc5 26.Bg4 Bb6 27.R3a2 Qc6 28.Nb5
Bc5 29.Rxa5 Qb6 30.Ra6 Qd8 31.Bf3 Bd7 32.Qd5 Bxb5 33.cxb5 Rxb5 34.Qc6 Rxb3
35.Rf1 Rb2 36.Qd5 g6 37.Raa1 Kg7 38.Rac1 Qg5 39.Rcd1 h5 40.Qc4 h4 41.h3 
Ra8 42.Rde1 Raa2 43.Re2 Rxe2 44.Bxe2 Qd2 45.Bd1 Rb2 46.Bb3 Qf4 47.Bc2 Qd2 
48.Bb3 Bxf2+ 49.Kh1 d5 50.Qc7 Qe2 51.Qxe5+ Kh7 52.Rd1 Bg3 0-1

[Event "zonal 1.2a"]
[Site "Ptuj SLO"]
[Date "1995.04.10"]
[Round "5"]
[White "Stanec, Nikolaus"]
[Black "Sermek, Drazen"]
[Result "1/2-1/2"]
[WhiteElo "2465"]
[BlackElo "2515"]
[EventDate "1995.04.05"]
[PlyCount "69"]

1.d4 Nf6 2.c4 c5 3.e3 g6 4.Nc3 Bg7 5.Nf3 cxd4 6.Nxd4 O-O 7.Be2 d5 8.cxd5 
Nxd5 9.Nxd5 Qxd5 10.O-O a6 11.Bf3 Qd6 12.Bd2 Nd7 13.Qb3 Re8 14.Bb4 Qb6 15.
Rac1 e5 16.Bd5 Qf6 17.Ne2 Nb6 18.Nc3 Be6 19.Ne4 Qf5 20.Bxe6 Qxe6 21.Qxe6 
Rxe6 22.Nc5 Re7 23.Nxa6 Rd7 24.Nc5 Rc7 25.a3 Rac8 26.Nd3 e4 27.Rxc7 Rxc7 
28.Nc5 Nd5 29.b3 Nxb4 30.axb4 f5 31.Rd1 Bc3 32.Ne6 Re7 33.Rd8+ Kf7 34.Nf4 
Rc7 35.Nd5 1/2-1/2

[Event "zonal 1.2a"]
[Site "Ptuj SLO"]
[Date "1995.04.10"]
[Round "5"]
[White "Wach, Markus"]
[Black "Enders, Peter"]
[Result "1/2-1/2"]
[WhiteElo "2385"]
[BlackElo "2480"]
[EventDate "1995.04.05"]
[PlyCount "102"]

1.e4 e6 2.d4 d5 3.Nc3 Bb4 4.e5 c5 5.a3 Ba5 6.b4 cxd4 7.bxa5 dxc3 8.Qg4 Ne7
9.Qxg7 Rg8 10.Qxh7 Nbc6 11.Nf3 Qc7 12.Bb5 Bd7 13.O-O Nxe5 14.Nxe5 Qxe5 15.
Bxd7+ Kxd7 16.Qd3 Rac8 17.Rb1 Rc7 18.Be3 Qf5 19.Qxf5 Nxf5 20.Bf4 Nd6 21.
Be5 Ke7 22.Rb3 Rgc8 23.Rd1 f6 24.Bg3 Rd7 25.Bxd6+ Kxd6 26.Rd3 Rdc7 27.Rb5 
Rc5 28.Rxb7 Rxa5 29.Rb3 Rac5 30.Rb7 R5c7 31.Rb5 Rc4 32.Ra5 Rb8 33.Ra6+ Rb6
34.Rxb6+ axb6 35.Kf1 e5 36.h4 d4 37.Rd1 Ra4 38.Ra1 b5 39.h5 Ra8 40.Ke2 e4 
41.h6 b4 42.h7 d3+ 43.Ke3 Kd5 44.axb4 dxc2 45.Rc1 Kc4 46.Rxc2 Rh8 47.Kxe4 
Rxh7 48.Kf5 Rd7 49.f4 Rd2 50.Rc1 Rxg2 51.Kxf6 Kxb4 1/2-1/2

[Event "zonal 1.2a"]
[Site "Ptuj SLO"]
[Date "1995.04.10"]
[Round "5"]
[White "Zuger, Beat"]
[Black "Grosar, Aljosa"]
[Result "1-0"]
[WhiteElo "2480"]
[BlackElo "2475"]
[EventDate "1995.04.05"]
[PlyCount "80"]

1.c4 Nf6 2.Nf3 c5 3.Nc3 d5 4.cxd5 Nxd5 5.d4 cxd4 6.Qxd4 Nxc3 7.Qxc3 Nc6 8.
e4 e6 9.Bb5 Bd7 10.O-O Qb6 11.a4 Qc5 12.Qd3 Qd6 13.Qc2 a6 14.Rd1 Qc7 15.
Be3 Be7 16.Bf1 Rc8 17.Rac1 Qa5 18.Nd2 Nd8 19.Nc4 Qc7 20.Qd2 Bxa4 21.Bf4 
Qc6 22.Ne5 Qd6 23.Qxd6 Bxd6 24.Rxd6 Rxc1 25.Bxc1 Ke7 26.Rd4 Be8 27.Bd2 Nc6
28.Nxc6+ Bxc6 29.Bb4+ Kf6 30.f3 h5 31.h4 Rc8 32.Kf2 g5 33.hxg5+ Kxg5 34.
Rd8 Rxd8 35.Be7+ Kg6 36.Bxd8 f5 37.exf5+ exf5 38.Ke3 Ba4 39.Bd3 Bd7 40.Kf4
Be6 1-0

[Event "zonal 1.2a"]
[Site "Ptuj SLO"]
[Date "1995.04.11"]
[Round "6"]
[White "Enders, Peter"]
[Black "Grosar, Aljosa"]
[Result "1-0"]
[WhiteElo "2480"]
[BlackElo "2475"]
[EventDate "1995.04.05"]
[PlyCount "79"]

1.e4 c5 2.Nf3 d6 3.d4 cxd4 4.Nxd4 Nf6 5.Nc3 Nc6 6.Bg5 e6 7.Qd2 a6 8.O-O-O 
Bd7 9.f4 h6 10.Bxf6 Qxf6 11.Nxc6 Bxc6 12.Bc4 g5 13.f5 Qe5 14.Rhf1 O-O-O 
15.Qf2 Bxe4 16.fxe6 fxe6 17.Nxe4 Qxe4 18.Rd4 Qe5 19.Re1 Qa5 20.Bxe6+ Kb8 
21.Rd5 Qc7 22.Rf5 d5 23.Bxd5 Bc5 24.Qg3 Bd6 25.Qb3 Bxh2 26.Rf7 Bf4+ 27.Kb1
Rd7 28.Bxb7 Rxf7 29.Bd5+ Ka7 30.Bxf7 Rb8 31.Qc4 Qxc4 32.Bxc4 h5 33.c3 Rd8 
34.b4 Rd2 35.Re2 Rxe2 36.Bxe2 g4 37.Kc2 Kb6 38.c4 a5 39.a3 Be3 40.Kb3 1-0

[Event "zonal 1.2a"]
[Site "Ptuj SLO"]
[Date "1995.04.11"]
[Round "6"]
[White "Kindermann, Stefan"]
[Black "Landenbergue, Claude"]
[Result "1-0"]
[WhiteElo "2585"]
[BlackElo "2430"]
[EventDate "1995.04.05"]
[PlyCount "39"]

1.e4 c5 2.Nf3 d6 3.d4 cxd4 4.Nxd4 Nf6 5.Nc3 a6 6.f4 Qc7 7.Qf3 g6 8.Be3 Bg7
9.h3 Nc6 10.O-O-O O-O 11.g4 Bd7 12.g5 Nh5 13.Nd5 Qd8 14.Nf5 Bxf5 15.exf5 
Rc8 16.Bb6 Qd7 17.h4 e6 18.f6 Bh8 19.Bh3 Rfe8 20.Bg4 1-0

[Event "zonal 1.2a"]
[Site "Ptuj SLO"]
[Date "1995.04.11"]
[Round "6"]
[White "Kortschnoj, Viktor"]
[Black "Atlas, Valery"]
[Result "1/2-1/2"]
[WhiteElo "2635"]
[BlackElo "2450"]
[EventDate "1995.04.05"]
[PlyCount "138"]

1.c4 c5 2.Nf3 Nf6 3.Nc3 e6 4.g3 b6 5.Bg2 Bb7 6.O-O Be7 7.d4 cxd4 8.Qxd4 d6
9.Bg5 a6 10.Bxf6 Bxf6 11.Qd3 Ra7 12.Rad1 Be7 13.Ne4 O-O 14.Qe3 Ba8 15.Rd2 
Rd7 16.Rfd1 Qc7 17.Qf4 Bxe4 18.Qxe4 Rc8 19.Nd4 Bf6 20.h4 Qc5 21.b3 d5 22.
cxd5 Rxd5 23.e3 Rcd8 24.Kh2 R5d6 25.Rc2 Qe5 26.Qb7 Bxh4 27.Rdc1 Bf6 28.Rc8
Rxc8 29.Rxc8+ Rd8 30.Bf1 Qd6 31.Rc7 Bxd4 32.exd4 Nd7 33.Rc8 Rxc8 34.Qxc8+ 
Nf8 35.Bxa6 Qxd4 36.Qc2 h5 37.Kg2 Qd5+ 38.Kg1 Qd4 39.Be2 h4 40.gxh4 Qxh4 
41.a4 Ng6 42.Bd3 Qg4+ 43.Kf1 Qh3+ 44.Ke1 f5 45.Bf1 Qf3 46.Qd3 Qc6 47.Qc4 
Qd6 48.Qc3 Ne5 49.Bb5 g5 50.b4 g4 51.Be2 Nc6 52.a5 Qxb4 53.Qxb4 Nxb4 54.
axb6 Nc6 55.b7 Kf7 56.Kd2 Ke7 57.Ke3 e5 58.Bd3 Ke6 59.Bc4+ Kd6 60.Bb5 Nb8 
61.Bd3 Ke6 62.Bc4+ Kd6 63.Bd3 f4+ 64.Ke4 Nd7 65.Kf5 g3 66.fxg3 fxg3 67.Be4
Kc7 68.Bg2 Kb8 69.Bh1 Kc7 1/2-1/2

[Event "zonal 1.2a"]
[Site "Ptuj SLO"]
[Date "1995.04.11"]
[Round "6"]
[White "Lobron, Eric"]
[Black "Lutz, Christopher"]
[Result "1/2-1/2"]
[WhiteElo "2575"]
[BlackElo "2560"]
[EventDate "1995.04.05"]
[PlyCount "25"]

1.e4 Nf6 2.e5 Nd5 3.Bc4 Nb6 4.Bb3 c5 5.d3 Nc6 6.Nf3 d5 7.exd6 exd6 8.O-O 
Bg4 9.Bg5 Bxf3 10.Bxf7+ Kd7 11.Be6+ Ke8 12.Bf7+ Kd7 13.Be6+ 1/2-1/2

[Event "zonal 1.2a"]
[Site "Ptuj SLO"]
[Date "1995.04.11"]
[Round "6"]
[White "Luther, Thomas"]
[Black "Mohr, Georg"]
[Result "1/2-1/2"]
[WhiteElo "2550"]
[BlackElo "2430"]
[EventDate "1995.04.05"]
[PlyCount "88"]

1.e4 c5 2.Nf3 Nc6 3.d4 cxd4 4.Nxd4 Nf6 5.Nc3 e5 6.Ndb5 d6 7.Bg5 a6 8.Na3 
b5 9.Bxf6 gxf6 10.Nd5 f5 11.exf5 Bxf5 12.c3 Bg7 13.Nc2 Be6 14.Nce3 Ne7 15.
g3 Nxd5 16.Nxd5 O-O 17.Bg2 Rb8 18.O-O a5 19.Ne3 Qd7 20.Qh5 f5 21.Bd5 Bxd5 
22.Nxd5 Qf7 23.Qxf7+ Kxf7 24.Rfd1 Rfc8 25.a3 Ke6 26.Rd2 h5 27.Rad1 Rc6 28.
f3 Rb7 29.Kf2 Bh6 30.f4 Rh7 31.Kf3 Bf8 32.Ne3 Rb7 33.Rd5 Be7 34.Ke2 b4 35.
axb4 axb4 36.c4 b3 37.Ra5 Bf6 38.Rd2 exf4 39.gxf4 Bc3 40.Rb5 Bxd2 41.Rxb7 
Bxe3 42.Kxe3 Rxc4 43.Rxb3 Rc2 44.h3 Rh2 1/2-1/2

[Event "zonal 1.2a"]
[Site "Ptuj SLO"]
[Date "1995.04.11"]
[Round "6"]
[White "Robatsch, Karl"]
[Black "Stanec, Nikolaus"]
[Result "1/2-1/2"]
[WhiteElo "2410"]
[BlackElo "2465"]
[EventDate "1995.04.05"]
[PlyCount "132"]

1.Nf3 d6 2.d4 Bg4 3.Nbd2 e6 4.c3 c6 5.e4 Nf6 6.Qb3 Qc7 7.e5 Nfd7 8.exd6 
Bxd6 9.Nc4 Bxf3 10.Qxb7 Bxh2 11.Rxh2 Qxb7 12.Nd6+ Ke7 13.Nxb7 Be4 14.Bf4 
Nf6 15.Bd6+ Kd7 16.Ba3 Kc7 17.Nd6 Bg6 18.f3 Nd5 19.Kd2 Rd8 20.Nc4 Nd7 21.
Bd3 N7b6 22.b3 Bxd3 23.Kxd3 h6 24.g3 Nxc4 25.bxc4 Nb6 26.Re1 Rd7 27.g4 Nc8
28.Bf8 f5 29.Rxe6 fxg4 30.fxg4 Rf7 31.Bc5 Rb8 32.Bb4 Kd7 33.Rhe2 a5 34.
Bxa5 Ra8 35.Bb4 Rxa2 36.Rxa2 Kxe6 37.Ra6 Kd7 38.d5 Rf4 39.g5 h5 40.Rxc6 h4
41.Rg6 Rf3+ 42.Ke2 Rf7 43.Re6 Rf4 44.Ke3 Rf1 45.Rg6 Rf7 46.Re6 h3 47.Re4 
Nb6 48.Rh4 Rf5 49.g6 Rg5 50.Rxh3 Nxc4+ 51.Ke4 Nb6 52.Rd3 Rxg6 53.Bc5 Nc4 
54.Rd1 Rg4+ 55.Kf3 Ne5+ 56.Kf2 Rc4 57.Bb4 Ng4+ 58.Ke2 Nf6 59.Kd3 Rg4 60.
Kc2 g5 61.Kb3 Rh4 62.c4 g4 63.Re1 g3 64.Re7+ Kc8 65.Bc5 g2 66.Rg7 Rg4 
1/2-1/2

[Event "zonal 1.2a"]
[Site "Ptuj SLO"]
[Date "1995.04.11"]
[Round "6"]
[White "Sermek, Drazen"]
[Black "Zuger, Beat"]
[Result "1/2-1/2"]
[WhiteElo "2515"]
[BlackElo "2480"]
[EventDate "1995.04.05"]
[PlyCount "197"]

1.e4 e6 2.d4 d5 3.Nd2 Nf6 4.Bd3 c5 5.e5 Nfd7 6.c3 Nc6 7.Ne2 cxd4 8.cxd4 f6
9.exf6 Nxf6 10.O-O Bd6 11.Nf3 O-O 12.Bf4 Bxf4 13.Nxf4 Ne4 14.Qc1 Ng5 15.
Nxg5 Qxg5 16.Bxh7+ Kxh7 17.Nxe6 Qxc1 18.Nxf8+ Kg8 19.Raxc1 Kxf8 20.Rfe1 
Bf5 21.f3 Rd8 22.Rcd1 Rd6 23.g4 Bh7 24.h4 Nb4 25.Re3 Rc6 26.a3 Nc2 27.Re5 
Rf6 28.Rh5 Kg8 29.Rxd5 Rxf3 30.Rd8+ Kf7 31.Rf1 Rxf1+ 32.Kxf1 Ke7 33.Rb8 
Be4 34.Ke2 Bd5 35.Kd3 Ne1+ 36.Kc3 Nf3 37.Rh8 Be6 38.g5 Bd5 39.g6 Kf6 40.h5
Ng5 41.Rf8+ Ke7 42.Rf5 Ne4+ 43.Kd3 Nf6 44.Ke3 Be6 45.Ra5 a6 46.b4 Bd5 47.
b5 axb5 48.Rxb5 Ke6 49.a4 Nxh5 50.a5 Nf6 51.Kf4 Nd7 52.Kg5 Kd6 53.Kf5 Bc6 
54.Rb2 Nf8 55.Rb6 Kd5 56.a6 bxa6 57.Rxa6 Bd7+ 58.Kf4 Ne6+ 59.Ke3 Be8 60.
Ra5+ Kd6 61.Ra6+ Bc6 62.Ra7 Nc7 63.Kf4 Bd7 64.Ke4 Nb5 65.Ra6+ Bc6+ 66.d5 
Nc3+ 67.Kf4 Nxd5+ 68.Kg5 Nc7 69.Ra7 Bd7 70.Ra1 Ne6+ 71.Kf5 Nc5+ 72.Kg5 
Ne4+ 73.Kf4 Nf6 74.Ra6+ Bc6 75.Kf5 Nd5 76.Kg5 Ne7 77.Ra2 Be4 78.Ra7 Ke6 
79.Ra6+ Nc6 80.Rb6 Kd6 81.Rb7 Ne7 82.Ra7 Bc6 83.Ra2 Nd5 84.Rf2 Nc7 85.Rf7 
Ne6+ 86.Kh5 Ke5 87.Rf1 Be4 88.Rf7 Bd3 89.Rf2 Nf4+ 90.Kg4 Bf5+ 91.Kg3 Nxg6 
92.Ra2 Nf4 93.Ra8 Nd5 94.Kh4 Ke6 95.Kg5 Be4 96.Ra4 Bc2 97.Ra2 Bh7 98.Rh2 
Bg8 99.Kg6 1/2-1/2

[Event "zonal 1.2a"]
[Site "Ptuj SLO"]
[Date "1995.04.11"]
[Round "6"]
[White "Wach, Markus"]
[Black "Gostisa, Leon"]
[Result "0-1"]
[WhiteElo "2385"]
[BlackElo "2420"]
[EventDate "1995.04.05"]
[PlyCount "101"]

1.e4 e5 2.Nf3 Nc6 3.Bb5 a6 4.Ba4 Nf6 5.d4 exd4 6.O-O Be7 7.e5 Ne4 8.Nxd4 
Nxd4 9.Qxd4 Nc5 10.Nc3 O-O 11.Rd1 d6 12.Be3 Be6 13.Qf4 Nxa4 14.Nxa4 Qe8 
15.Nc3 Qc6 16.Bd4 d5 17.Rd3 Rfd8 18.Rad1 b5 19.R1d2 b4 20.Nd1 Qe8 21.Rg3 
c5 22.Qh6 Qf8 23.Be3 Kh8 24.Qh5 g6 25.Qe2 d4 26.Bg5 Bxg5 27.Rxg5 c4 28.b3 
d3 29.cxd3 c3 30.Rc2 Bf5 31.Rxf5 gxf5 32.Ne3 Re8 33.Nxf5 f6 34.e6 Rxe6 35.
Qxe6 Re8 36.Qxe8 Qxe8 37.Ne3 Qd7 38.g3 Qxd3 39.Kg2 Qe4+ 40.Kg1 h5 41.Rc1 
Qf3 42.h4 Kg7 43.Rc2 f5 44.Kf1 f4 45.gxf4 Qxf4 46.Ke2 Kf7 47.Rc1 Qxh4 48.
Rd1 Qe4 49.Rd7+ Ke8 50.Rd1 h4 51.Ke1 0-1

[Event "zonal 1.2a"]
[Site "Ptuj SLO"]
[Date "1995.04.12"]
[Round "7"]
[White "Atlas, Valery"]
[Black "Wach, Markus"]
[Result "1-0"]
[WhiteElo "2450"]
[BlackElo "2385"]
[EventDate "1995.04.05"]
[PlyCount "103"]

1.e4 c5 2.Nf3 d6 3.d4 cxd4 4.Nxd4 Nf6 5.Nc3 Nc6 6.g3 g6 7.Bg2 Nxd4 8.Qxd4 
Bg7 9.a4 O-O 10.a5 Ng4 11.Qb4 Ne5 12.Nd5 Nc6 13.Qd2 Bd7 14.O-O Rc8 15.Ra2 
Nd4 16.c3 Nb3 17.Qc2 Nxc1 18.Rxc1 e6 19.Nb4 Qc7 20.Qd3 Rfd8 21.Rd1 Be8 22.
a6 b6 23.Raa1 Qc5 24.Bf1 h5 25.Qf3 Qg5 26.h4 Qh6 27.Rd3 Bb5 28.Re3 Bxf1 
29.Rxf1 g5 30.hxg5 Qxg5 31.Kg2 h4 32.Rh1 hxg3 33.Qxg3 Qxg3+ 34.Rxg3 Kf8 
35.f4 Bf6 36.Nd3 Ke7 37.e5 dxe5 38.fxe5 Bh8 39.Rh7 Rg8 40.Rxg8 Rxg8+ 41.
Kf3 Bg7 42.Nb4 f5 43.Nc6+ Kf7 44.b4 b5 45.c4 bxc4 46.Rh4 c3 47.Rc4 Rc8 48.
Rxc3 Ke8 49.Rc4 Bf8 50.b5 Be7 51.Rc1 Rc7 52.b6 1-0

[Event "zonal 1.2a"]
[Site "Ptuj SLO"]
[Date "1995.04.12"]
[Round "7"]
[White "Gostisa, Leon"]
[Black "Enders, Peter"]
[Result "0-1"]
[WhiteElo "2420"]
[BlackElo "2480"]
[EventDate "1995.04.05"]
[PlyCount "88"]

1.d4 Nf6 2.Nf3 g6 3.Bg5 Bg7 4.Nbd2 h6 5.Bh4 d6 6.e3 g5 7.Bg3 Nh5 8.c3 Nxg3
9.hxg3 e6 10.Bd3 Nc6 11.Qc2 Qe7 12.O-O-O Bd7 13.g4 O-O-O 14.Nf1 Kb8 15.Ng3
Rhf8 16.Kb1 Na5 17.b4 Nc6 18.e4 a6 19.Rhe1 Na7 20.e5 Bc6 21.Be4 dxe5 22.
Nxe5 Bxe5 23.dxe5 Rxd1+ 24.Rxd1 Rd8 25.Rxd8+ Qxd8 26.Kc1 Qh8 27.Qd3 Qxe5 
28.Kc2 Ba4+ 29.Kb2 Nb5 30.Ne2 Nd6 31.Bf3 Bb5 32.Qd4 Bxe2 33.Qxe5 Nc4+ 34.
Kc2 Bd3+ 35.Kxd3 Nxe5+ 36.Ke4 Nxf3 37.gxf3 f6 38.a4 Kc8 39.Kd4 Kd7 40.Kc5 
b6+ 41.Kd4 c6 42.Kc4 Kd6 43.Kd4 c5+ 44.Ke4 Kc6 0-1

[Event "zonal 1.2a"]
[Site "Ptuj SLO"]
[Date "1995.04.12"]
[Round "7"]
[White "Grosar, Aljosa"]
[Black "Sermek, Drazen"]
[Result "1/2-1/2"]
[WhiteElo "2475"]
[BlackElo "2515"]
[EventDate "1995.04.05"]
[PlyCount "24"]

1.e4 e5 2.Nf3 Nc6 3.Bb5 Nge7 4.O-O d6 5.c3 Bd7 6.d4 Ng6 7.Re1 Be7 8.Nbd2 
O-O 9.Nf1 Nh4 10.Nxh4 Bxh4 11.Ng3 Bf6 12.Be3 g6 1/2-1/2

[Event "zonal 1.2a"]
[Site "Ptuj SLO"]
[Date "1995.04.12"]
[Round "7"]
[White "Lutz, Christopher"]
[Black "Luther, Thomas"]
[Result "1/2-1/2"]
[WhiteElo "2560"]
[BlackElo "2550"]
[EventDate "1995.04.05"]
[PlyCount "62"]

1.e4 e6 2.d4 d5 3.Nc3 Nf6 4.Bg5 dxe4 5.Nxe4 Nbd7 6.Nxf6+ Nxf6 7.Bd3 c5 8.
dxc5 Bxc5 9.Nf3 h6 10.Bh4 Qa5+ 11.c3 Be7 12.O-O O-O 13.Qe2 Rd8 14.Ne5 Bd7 
15.Nxd7 Rxd7 16.Bb5 Rdd8 17.Bc4 Kf8 18.Rad1 Qc5 19.Bg3 Bd6 20.Bxd6+ Rxd6 
21.Rxd6 Qxd6 22.Rd1 Qc7 23.Qd3 Ng4 24.Qd6+ Qxd6 25.Rxd6 Ke7 26.Rd4 Ne5 27.
Be2 Nc6 28.Rd3 Rd8 29.Rxd8 Nxd8 30.f4 e5 31.fxe5 Ke6 1/2-1/2

[Event "zonal 1.2a"]
[Site "Ptuj SLO"]
[Date "1995.04.12"]
[Round "7"]
[White "Mohr, Georg"]
[Black "Kindermann, Stefan"]
[Result "0-1"]
[WhiteElo "2430"]
[BlackElo "2585"]
[EventDate "1995.04.05"]
[PlyCount "92"]

1.e4 e6 2.d4 d5 3.Nc3 Bb4 4.Bd3 c5 5.exd5 Qxd5 6.Kf1 Bxc3 7.bxc3 Nf6 8.Be3
c4 9.Be2 O-O 10.a4 Nc6 11.Qb1 b6 12.Qa2 Ba6 13.h4 e5 14.dxe5 Ne4 15.Bf3 
Qxe5 16.Ne2 Rad8 17.Re1 Rfe8 18.Qa1 Bb7 19.Nd4 Nxd4 20.cxd4 Qf5 21.h5 Ng3+
22.fxg3 Bxf3 23.h6 Bd5+ 24.Bf2 Qxc2 25.Rh5 Re4 26.Re5 Rxe5 27.Rxe5 gxh6 
28.Qe1 Qxa4 29.Kg1 Qc6 30.Re7 c3 31.Be3 c2 32.Bc1 Bxg2 33.Qf2 Bd5 34.Qf4 
Qg6 35.Kf2 a5 36.Re5 b5 37.Qh4 f6 38.Re7 Re8 39.Rxe8+ Qxe8 40.Qg4+ Kh8 41.
Bxh6 Qe7 42.Qc8+ Bg8 43.Qxc2 Bc4 44.Qd2 Qe4 45.d5 Bxd5 46.Qxa5 Qf3+ 0-1

[Event "zonal 1.2a"]
[Site "Ptuj SLO"]
[Date "1995.04.12"]
[Round "7"]
[White "Stanec, Nikolaus"]
[Black "Lobron, Eric"]
[Result "1-0"]
[WhiteElo "2465"]
[BlackElo "2575"]
[EventDate "1995.04.05"]
[PlyCount "101"]

1.c4 Nf6 2.Nc3 c5 3.g3 e6 4.Nf3 b6 5.Bg2 Bb7 6.O-O Be7 7.d4 cxd4 8.Qxd4 d6
9.Rd1 O-O 10.Bg5 Na6 11.Rac1 h6 12.Bxf6 Bxf6 13.Qxd6 Qxd6 14.Rxd6 Nc5 15.
b4 Bxc3 16.bxc5 Bb2 17.Rcd1 bxc5 18.Rb1 Bxf3 19.Bxf3 Rab8 20.Ra6 Bc3 21.
Rb5 Rbd8 22.Rxa7 Rd1+ 23.Kg2 Ra1 24.Rbb7 g6 25.Bc6 Rc8 26.Bb5 Rf8 27.Rd7 
Bf6 28.Rd2 Kg7 29.Rc2 h5 30.h4 Bd8 31.a4 Bb6 32.Ra6 Rb8 33.Rd2 Rd8 34.Rxd8
Bxd8 35.Ra8 Bf6 36.Ra6 Bd8 37.Rc6 Ra2 38.Kf3 Be7 39.Rc7 Kf8 40.Rc8+ Kg7 
41.Ra8 Ra3+ 42.e3 Ra2 43.a5 g5 44.hxg5 Bxg5 45.a6 h4 46.gxh4 Bxh4 47.Ra7 
Kg6 48.Rd7 f5 49.Kg2 Bxf2 50.a7 Bxe3+ 51.Kf1 1-0

[Event "zonal 1.2a"]
[Site "Ptuj SLO"]
[Date "1995.04.13"]
[Round "8"]
[White "Enders, Peter"]
[Black "Sermek, Drazen"]
[Result "1-0"]
[WhiteElo "2480"]
[BlackElo "2515"]
[EventDate "1995.04.05"]
[PlyCount "113"]

1.e4 c5 2.Nf3 e6 3.d4 cxd4 4.Nxd4 Nf6 5.Nc3 Nc6 6.Ndb5 d6 7.Bf4 e5 8.Bg5 
a6 9.Na3 Be6 10.Nc4 Rc8 11.Nd5 Bxd5 12.Bxf6 gxf6 13.Qxd5 Nd4 14.O-O-O Qe7 
15.Kb1 Rc5 16.Nxd6+ Qxd6 17.Qxd6 Bxd6 18.c3 Ke7 19.cxd4 exd4 20.Bd3 Rhc8 
21.g3 h6 22.Rhe1 Rh5 23.h4 Rhc5 24.Re2 R5c7 25.Bc2 Bc5 26.e5 fxe5 27.Rxe5+
Kf8 28.Bd3 Re8 29.Rd5 a5 30.a3 b6 31.Rf5 Kg7 32.Ka2 Re6 33.Kb3 Rf6 34.Rxf6
Kxf6 35.Ka4 Re7 36.Bf1 Re4 37.Bd3 Re7 38.Rc1 Re6 39.b4 axb4 40.axb4 Be7 
41.Rc7 Rd6 42.Kb3 Bd8 43.Rc8 Ke7 44.Kc4 Rd7 45.Rb8 Rd6 46.Be4 Ke6 47.f4 
Bf6 48.Kd3 Bd8 49.b5 Ke7 50.g4 Ke6 51.g5 hxg5 52.hxg5 Rd7 53.Bc6 Rd6 54.
Rb7 f5 55.g6 Be7 56.g7 Rd8 57.Rxe7+ 1-0

[Event "zonal 1.2a"]
[Site "Ptuj SLO"]
[Date "1995.04.13"]
[Round "8"]
[White "Gostisa, Leon"]
[Black "Atlas, Valery"]
[Result "1/2-1/2"]
[WhiteElo "2420"]
[BlackElo "2450"]
[EventDate "1995.04.05"]
[PlyCount "110"]

1.c4 c5 2.Nf3 Nf6 3.Nc3 e6 4.g3 b6 5.Bg2 Bb7 6.O-O Be7 7.d4 cxd4 8.Qxd4 
O-O 9.Rd1 d6 10.Bg5 Nc6 11.Qf4 Ne8 12.Bxe7 Qxe7 13.Rac1 Rd8 14.b3 f5 15.
Qe3 Nf6 16.Nb5 e5 17.Qg5 a6 18.Nc3 e4 19.Nd4 Nxd4 20.Rxd4 Qe5 21.Rcd1 b5 
22.Qf4 Rc8 23.Qxe5 dxe5 24.Rd6 bxc4 25.b4 f4 26.Bh3 Rb8 27.Be6+ Kh8 28.a3 
e3 29.gxf4 exf2+ 30.Kxf2 Nh5 31.f5 g6 32.Ke1 gxf5 33.Bd5 e4 34.Bxb7 Rxb7 
35.Rxa6 e3 36.Rd4 Rg7 37.Kd1 f4 38.Rxc4 Rg2 39.Rd6 Rxh2 40.Rcd4 Kg7 41.
Rd7+ Kg6 42.R7d6+ Kg5 43.R6d5+ Kg4 44.Kc2 Ng3 45.Kd3 Nxe2 46.Nxe2 Kf3 47.
Ng1+ Kf2 48.Rg5 f3 49.Re4 Rd8+ 50.Kc4 e2 51.Nxf3 Kxf3 52.Rge5 Rd2 53.b5 
Rb2 54.a4 Rh1 55.b6 Rc1+ 1/2-1/2

[Event "zonal 1.2a"]
[Site "Ptuj SLO"]
[Date "1995.04.13"]
[Round "8"]
[White "Kindermann, Stefan"]
[Black "Lutz, Christopher"]
[Result "1/2-1/2"]
[WhiteElo "2585"]
[BlackElo "2560"]
[EventDate "1995.04.05"]
[PlyCount "31"]

1.e4 c5 2.c3 d5 3.exd5 Qxd5 4.d4 Nf6 5.Nf3 Bg4 6.Be2 e6 7.h3 Bh5 8.Be3 
cxd4 9.cxd4 Nc6 10.Nc3 Qd6 11.O-O Be7 12.g4 Bg6 13.Ne5 O-O 14.Bf4 Qb4 15.
Nc4 Nd5 16.Nxd5 1/2-1/2

[Event "zonal 1.2a"]
[Site "Ptuj SLO"]
[Date "1995.04.13"]
[Round "8"]
[White "Kortschnoj, Viktor"]
[Black "Mohr, Georg"]
[Result "1-0"]
[WhiteElo "2635"]
[BlackElo "2430"]
[EventDate "1995.04.05"]
[PlyCount "59"]

1.d4 Nf6 2.c4 e5 3.dxe5 Ng4 4.Bf4 Bb4+ 5.Nc3 Bxc3+ 6.bxc3 Nc6 7.Nf3 Qe7 8.
Qd5 f6 9.exf6 Nxf6 10.Qd3 d6 11.g3 b6 12.Bg2 Bb7 13.O-O Na5 14.Nd2 Bxg2 
15.Kxg2 Qe6 16.Bg5 Nd7 17.Qd5 Kf7 18.Qf3+ Kg6 19.h4 Rae8 20.e4 h6 21.Bf4 
Nf6 22.Qd3 Kf7 23.Rae1 g5 24.e5 gxf4 25.exf6 Qxf6 26.Ne4 Qd8 27.Qf3 Rhf8 
28.Qxf4+ Kg7 29.Qg4+ Kh8 30.Qg6 1-0

[Event "zonal 1.2a"]
[Site "Ptuj SLO"]
[Date "1995.04.13"]
[Round "8"]
[White "Lobron, Eric"]
[Black "Zuger, Beat"]
[Result "1-0"]
[WhiteElo "2575"]
[BlackElo "2480"]
[EventDate "1995.04.05"]
[PlyCount "87"]

1.d4 Nf6 2.Nf3 g6 3.c4 Bg7 4.Nc3 O-O 5.e4 d6 6.Be2 Bg4 7.Be3 Nfd7 8.h4 
Bxf3 9.Bxf3 Nc6 10.d5 Na5 11.Be2 Nb6 12.Bd4 Bxd4 13.Qxd4 c5 14.dxc6 Nxc6 
15.Qd2 e5 16.h5 Nd4 17.Nb5 Nxb5 18.cxb5 Qf6 19.a4 Rfd8 20.a5 Nd7 21.hxg6 
hxg6 22.Ra3 Qf4 23.Qxf4 exf4 24.Rf3 Kg7 25.Rxf4 Rh8 26.Rxh8 Rxh8 27.Rf3 
Re8 28.Re3 Nc5 29.Bf3 Re5 30.b4 Nd7 31.Be2 Nf6 32.Bd3 g5 33.Kd2 Ng4 34.Re2
Re8 35.Bc4 Nf6 36.Kd3 Kf8 37.Kd4 Re5 38.f3 Ne8 39.Bd5 Nc7 40.Rc2 Nxb5+ 41.
Kd3 b6 42.Rc8+ Kg7 43.axb6 axb6 44.Rc6 1-0

[Event "zonal 1.2a"]
[Site "Ptuj SLO"]
[Date "1995.04.13"]
[Round "8"]
[White "Luther, Thomas"]
[Black "Stanec, Nikolaus"]
[Result "1/2-1/2"]
[WhiteElo "2550"]
[BlackElo "2465"]
[EventDate "1995.04.05"]
[PlyCount "128"]

1.e4 c5 2.Nf3 Nc6 3.d4 cxd4 4.Nxd4 g6 5.c4 Nf6 6.Nc3 Nxd4 7.Qxd4 d6 8.Be2 
Bg7 9.O-O O-O 10.Bg5 Bd7 11.Qd2 Bc6 12.Bd3 Nd7 13.Rfe1 Nc5 14.Nd5 Re8 15.
Bf1 a5 16.Rad1 a4 17.Qc1 Bxd5 18.exd5 Qd7 19.Bh6 Bf6 20.Re3 Ra6 21.Rf3 Rb6
22.Rd2 Ra8 23.Re2 Qd8 24.Bg5 Bxg5 25.Qxg5 e5 26.Qc1 f5 27.Ra3 Qf6 28.Qc3 
Rf8 29.Qa5 Ra6 30.Qc3 e4 31.Qxf6 Rxf6 32.f3 Rb6 33.g4 Rb4 34.gxf5 gxf5 35.
fxe4 fxe4 36.Rg3+ Rg6 37.Rd2 Kf7 38.Kf2 Rxg3 39.hxg3 a3 40.b3 Nxb3 41.axb3
Rxb3 42.Rd1 Kf6 43.c5 Ke5 44.c6 a2 45.Ra1 Rb2+ 46.Be2 bxc6 47.dxc6 d5 48.
c7 Rc2 49.Rxa2 Rxc7 50.g4 Rf7+ 51.Kg3 Rg7 52.Ra5 h5 53.Bc4 Rxg4+ 54.Kh3 
Kd4 55.Bxd5 Rf4 56.Bc6 h4 57.Ra4+ Ke3 58.Bd7 Kf3 59.Rb4 Ke3 60.Bg4 Rf8 61.
Kxh4 Kf4 62.Rb7 Rh8+ 63.Bh5 e3 64.Re7 Rxh5+ 1/2-1/2

[Event "zonal 1.2a"]
[Site "Ptuj SLO"]
[Date "1995.04.13"]
[Round "8"]
[White "Robatsch, Karl"]
[Black "Grosar, Aljosa"]
[Result "1/2-1/2"]
[WhiteElo "2410"]
[BlackElo "2475"]
[EventDate "1995.04.05"]
[PlyCount "25"]

1.Nf3 Nf6 2.c4 c5 3.Nc3 d5 4.cxd5 Nxd5 5.Qa4+ Nc6 6.Ne5 Qc7 7.Nxc6 Nxc3 8.
dxc3 Bd7 9.e4 Qxc6 10.Qxc6 Bxc6 11.f3 e6 12.a4 Bd6 13.Be3 1/2-1/2

[Event "zonal 1.2a"]
[Site "Ptuj SLO"]
[Date "1995.04.13"]
[Round "8"]
[White "Wach, Markus"]
[Black "Landenbergue, Claude"]
[Result "0-1"]
[WhiteElo "2385"]
[BlackElo "2430"]
[EventDate "1995.04.05"]
[PlyCount "62"]

1.e4 c5 2.c3 Nf6 3.e5 Nd5 4.d4 cxd4 5.Nf3 e6 6.cxd4 b6 7.Nc3 Nxc3 8.bxc3 
Qc7 9.Bd2 Bb7 10.Bd3 d6 11.O-O Nd7 12.Re1 Be7 13.Bg5 Bxg5 14.Nxg5 dxe5 15.
Qh5 Nf6 16.Qh3 e4 17.Nxe4 Nxe4 18.Bxe4 Bxe4 19.Rxe4 O-O 20.Qd3 Rac8 21.Re3
Rfd8 22.Rb1 Rd6 23.g3 Rc6 24.Rb3 g6 25.Qb5 Qb7 26.a4 Rd8 27.Qd3 Qc7 28.Qe2
Rc4 29.Qa2 Qc6 30.f3 Rxa4 31.Ra3 Rc4 0-1

[Event "zonal 1.2a"]
[Site "Ptuj SLO"]
[Date "1995.04.15"]
[Round "9"]
[White "Atlas, Valery"]
[Black "Enders, Peter"]
[Result "1-0"]
[WhiteElo "2450"]
[BlackElo "2480"]
[EventDate "1995.04.05"]
[PlyCount "97"]

1.e4 c5 2.Nf3 d6 3.d4 cxd4 4.Nxd4 Nf6 5.Nc3 a6 6.Be3 Nbd7 7.g3 g6 8.Bg2 
Bg7 9.O-O Ne5 10.h3 Bd7 11.Qe2 Rc8 12.Rad1 Nc4 13.Bc1 e5 14.Nf3 b5 15.b3 
Nb6 16.Nb1 Rc6 17.Ba3 Qc7 18.Qd3 Nc8 19.Ne1 O-O 20.c3 Re8 21.Nc2 h5 22.Ne3
Qa5 23.c4 Bh6 24.f4 b4 25.Bc1 Qxa2 26.fxe5 Nh7 27.Nd5 Bxc1 28.Nxb4 Qb2 29.
Nxc6 Bg5 30.Nb8 Be6 31.exd6 Rd8 32.c5 Na7 33.Nxa6 Nc6 34.Nc7 Bd7 35.Nd5 
Rb8 36.Qc3 Qxb3 37.Qxb3 Rxb3 38.Ne7+ Kf8 39.Nxc6 Bxc6 40.d7 Bd8 41.Rd6 Bb5
42.Rfd1 Ke7 43.Kh2 Nf8 44.e5 Re3 45.c6 Ne6 46.R6d2 Bc7 47.d8=Q+ Bxd8 48.
Rd7+ Ke8 49.Rxd8+ 1-0

[Event "zonal 1.2a"]
[Site "Ptuj SLO"]
[Date "1995.04.15"]
[Round "9"]
[White "Grosar, Aljosa"]
[Black "Lobron, Eric"]
[Result "1-0"]
[WhiteElo "2475"]
[BlackElo "2575"]
[EventDate "1995.04.05"]
[PlyCount "79"]

1.e4 c5 2.Nf3 d6 3.d4 cxd4 4.Nxd4 Nf6 5.Nc3 Nc6 6.f3 e5 7.Nb3 Be7 8.Bc4 
O-O 9.Be3 Be6 10.Nd5 Bxd5 11.Bxd5 Nb4 12.Bxb7 Rb8 13.Bd5 a5 14.c4 Nfxd5 
15.exd5 a4 16.Nc1 Bg5 17.Bxg5 Qxg5 18.O-O Qe3+ 19.Rf2 Rfc8 20.b3 axb3 21.
axb3 Ra8 22.Rb1 Ra3 23.Qd2 Qb6 24.g3 Rca8 25.Kg2 h6 26.Rb2 Ra1 27.Nd3 Nxd3
28.Qxd3 R8a3 29.f4 exf4 30.Rxf4 R3a2 31.Rbf2 Rxf2+ 32.Rxf2 Re1 33.Qf3 Re7 
34.Ra2 Qb8 35.b4 Re5 36.b5 g6 37.Rf2 f5 38.Ra2 Re4 39.Qc3 Qe8 40.b6 1-0